Bhashe mattu kannada bhodhane (Record no. 239164)

MARC details
000 -LEADER
fixed length control field 00379nam a2200145Ia 4500
005 - DATE AND TIME OF LATEST TRANSACTION
control field 20250729165719.0
008 - FIXED-LENGTH DATA ELEMENTS--GENERAL INFORMATION
fixed length control field 250729s2011 xx 000 0 und d
041 ## - LANGUAGE CODE
Language code of text/sound track or separate title kan
082 ## - DEWEY DECIMAL CLASSIFICATION NUMBER
Classification number 494.507 KONB
100 ## - MAIN ENTRY--PERSONAL NAME
Personal name Dr.N.B.Kongawada
9 (RLIN) 231203
245 ## - TITLE STATEMENT
Title Bhashe mattu kannada bhodhane
260 ## - PUBLICATION, DISTRIBUTION, ETC.
Place of publication, distribution, etc. Gadag
Name of publisher, distributor, etc. Vidyanidhi Prakashana
Date of publication, distribution, etc. 2011
300 ## - PHYSICAL DESCRIPTION
Extent 742p
650 ## - SUBJECT ADDED ENTRY--TOPICAL TERM
Topical term or geographic name entry element Kannada
9 (RLIN) 231204
Holdings
Withdrawn status Lost status Damaged status Not for loan Home library Current library Date acquired Source of acquisition Cost, normal purchase price Total Checkouts Full call number Barcode Date last seen Cost, replacement price Price effective from Koha item type
        St Aloysius Library St Aloysius Library 07/29/2025 Management Books 400.00   494.507 KONB BED04483 07/29/2025 400.00 07/29/2025 Book